Eksperimentaľnaja jadernaja fizika. Tom 1. : Fizika atomnogo jadra

Saved in:
Bibliographic Details
Main Author: Muchin, Konstantin Nikiforovič (Author)
Format: Book
Language:Russian
Published: Moskva : Energoatomizdat, 1983
Edition:4.izd.perab.i dopol.
Subjects:
Tags: Add Tag
No Tags, Be the first to tag this record!

MARC

LEADER 00000nam a22000003a 4500
001 stu88409
005 20150617225631.2
008 040628s1983------------------------rus-d
040 |a STU  |b slo 
041 0 |a rus 
080 |a 539.1 
100 1 |a Muchin, Konstantin Nikiforovič  |4 aut 
245 1 |a Eksperimentaľnaja jadernaja fizika. Tom 1. :  |b Fizika atomnogo jadra 
250 |a 4.izd.perab.i dopol. 
260 |a Moskva :  |b Energoatomizdat,  |c 1983 
300 |a 616 s 
650 7 |a jadrová fyzika  |2 stusub 
650 7 |a atómová fyzika  |2 stusub 
650 7 |a atómová energetika  |2 stusub 
996 |b E53154  |c E*53154  |l EE10  |s P  |a 0  |w stu88409_0001